Manazir ashiq harganvi: (Record no. 193784)

MARC details
000 -LEADER
fixed length control field 00601nam a22001817a 4500
005 - DATE AND TIME OF LATEST TRANSACTION
control field 20230317145552.0
010 ## - LCCN (DPL NO)
LC control number ENG-135696
020 ## - INTERNATIONAL STANDARD BOOK NUMBER
International Standard Book Number 9789390100934
Terms of availability 200.00
035 ## - SYSTEM CONTROL NUMBER
System control number EN-119228
037 ## - SOURCE OF ACQUISITION
Source of stock number/acquisition DBAD/PUB
082 ## - DEWEY DECIMAL CLASSIFICATION NUMBER
Classification number 920
100 ## - MAIN ENTRY--PERSONAL NAME
Personal name Raeen, Safiur Rahman
245 ## - TITLE STATEMENT
Title Manazir ashiq harganvi:
Remainder of title Great literary personality/
Statement of responsibility, etc By Safiur Rahman Raeen
260 ## - PUBLICATION, DISTRIBUTION, ETC. (IMPRINT)
Place of publication, distribution, etc Darya Ganj
Name of publisher, distributor, etc Educational publishing house
Date of publication, distribution, etc 2020
270 ## - ADDRESS
Address D1/16, Ansari road, Daryaganj
City New Delhi
Postal code 110002
Telephone number 011-46578285
Electronic mail address info@ephbooks.com
300 ## - PHYSICAL DESCRIPTION
Extent 112p.
Dimensions 22cm(pbk)
942 ## - ADDED ENTRY ELEMENTS (KOHA)
Source of classification or shelving scheme Dewey Decimal Classification
Item type English Books
Call number suffix RAE
Classification part 920
Holdings
Withdrawn status Lost status Not for loan Collection code Home library Current library Date acquired Source of acquisition Cost, normal purchase price Full call number Barcode Copy number Cost, replacement price Koha item type
      Non-fiction Katevara Katevara 16/11/2022 DBAD/PUB 200.00 920 RAE EN-119228 1 200.00 English Books

© Delhi Public Library
Hit Counter
free hit counter